000 00480nam a2200133 a 4500
001 000029675
005 20200930055724.0
008 110425s1955 dr 000 0 spa d
040 _aDO-SdBNP
_bspa
_cBNPHU
082 _axxx
_bB299
245 0 0 _aBases y estatutos de la Cámara Oficial de Comercio, Agricultura e Industria del Distrito de Santo Domingo, República Dominicana.
260 _aCiudad Trujillo, República Dominicana :
_bImprenta ABC,
_c1955.
300 _a33 p. ;
_c24 cm.
999 _c29167
_d29167